000 00331nam a22001457a 4500
008 211020b ||||| |||| 00| 0 eng d
020 _a9780071835022
041 _aeng
080 _24th
_a615
082 _a615
100 _a5
101 _aFAR
245 _aPharmacotherapy Principles & Practice
_cBurns,M.A
942 _2udc
_cBK
999 _c58312
_d58312